Advanced Accountancy. (Record no. 20736)

MARC details
000 -LEADER
fixed length control field 00455nam a2200193Ia 4500
005 - DATE AND TIME OF LATEST TRANSACTION
control field 20260328150002.0
008 - FIXED-LENGTH DATA ELEMENTS--GENERAL INFORMATION
fixed length control field 220531s9999 xx 000 0 und d
041 ## - LANGUAGE CODE
Language code of text/sound track or separate title eng
082 ## - DEWEY DECIMAL CLASSIFICATION NUMBER
Item number KOT
100 ## - MAIN ENTRY--PERSONAL NAME
Author Kotibhaskar /. Shah
245 ## - TITLE STATEMENT
Title Advanced Accountancy.
250 ## - EDITION STATEMENT
Edition statement 1ST
260 ## - PUBLICATION, DISTRIBUTION, ETC.
Name of publisher, distributor, etc. Suvichar
Date of publication, distribution, etc. 1992
300 ## - PHYSICAL DESCRIPTION
Extent 425
650 ## - SUBJECT ADDED ENTRY--TOPICAL TERM
Topical term or geographic name entry element Accountancy
942 ## - ADDED ENTRY ELEMENTS (KOHA)
Koha item type Books
542 ## - INFORMATION RELATING TO COPYRIGHT STATUS
Copyright holder 09-10-1994
906 ## - LOCAL DATA ELEMENT F, LDF (RLIN)
d 1994-1995
-- 2015-2016
f 4025
Holdings
Withdrawn status Lost status Source of classification or shelving scheme Damaged status Not for loan Collection code Home library Current library Date acquired Vendor Net Price Total Checkouts Total Holds Full call number Barcode Date last seen Bill Date Koha item type Original Barcode
Withdrawn   Dewey Decimal Classification       Shri Siddhivinayak Mahila Mahavidyalaya Shri Siddhivinayak Mahila Mahavidyalaya 24/12/1994 Varma 100.00   1 /KOT/B/1717 SSMM-BK-1717 06/08/2022 06/08/2022 Books 010001717